000 01144nam a2200289 i 4500
003 IT-RoINE
005 20191104061819.0
008 050608s2004 sp | r o||1 ||spa d
020 _a8425912768
040 _aSpMaBN
_bspa
_cSpMaBN IT-RoINE
_erdc
_dIT-RoINE
041 _aspa
_alat
_hlat
100 1 _964008
_aLancina, Juan Alfonso de,
_dca. 1649-1703
245 1 0 _aComentarios políticos a Tácito /
_cJuan Alfonso de Lancina ; edición y estudio preliminar de José Luis Bermejo Cabrero.
260 _aMadrid :
_bCentro de Estudios Políticos y Constitucionales,
_c2004.
300 _aLXVII, 504 p. ;
_c23 cm.
336 _2rdacontent
_atext
337 _2rdamedia
_aunmediated
338 _2rdacarrier
_avolume
490 1 _aClásicos del pensamiento político y constitucional español
500 _aIncluye índice.
546 _aTextos en latín y español.
600 1 4 _aTácito, Cayo Cornelio,
_dca. 55-ca. 120.
_tAnnales
_964009
650 4 _aCiencia política
_xFilosofía
_915589
700 1 _aBermejo Cabrero, José Luis
_936958
830 0 _912552
_aClásicos del pensamiento político y constitucional español
942 _cMTS
999 _c32620
_d32620